[Event "Staufer op 25th"]
[Site "Schwaebisch Gmuend"]
[Date "2013.01.03"]
[Round "3"]
[White "Bravo Lutz, Sebastian"]
[Black "Abele, Edmund"]
[Result "1-0"]
[WhiteElo "2223"]
[BlackElo "1933"]
[PlyCount "69"]
[EventDate "2013.01.02"]
[EventType "swiss"]
[EventRounds "9"]
[EventCountry "GER"]
[SourceTitle "CBM 152 Extra"]
[Source "ChessBase"]
[SourceDate "2013.02.25"]
[SourceVersion "1"]
[SourceVersionDate "2013.02.25"]
[SourceQuality "1"]

1. Nf3 Nf6 2. g3 g6 3. Bg2 Bg7 4. 0-0 0-0 5. d3 d5 6. Nbd2 Nc6 7. e4 dxe4 8. dxe4 Bg4 9. h3 Bxf3 10. Bxf3 Qd7 11. Bg2 Rad8 12. Kh2 Ne5 13. Qe2 Qa4 14. f4 Nc6 15. c3 e5 16. Nb3 b6 17. f5 Rd6 18. g4 Rfd8 19. Bf3 Rd3 20. g5 Ne8 21. f6 Bf8 22. h4 Qc4 23. Qg2 R3d6 24. Be2 Qa4 25. h5 Nb8 26. hxg6 hxg6 27. Qg4 Nd7 28. Qh4 Nc5 29. Nxc5 bxc5 30. b3 Qd7 31. Be3 Rd2 32. Bxd2 Qxd2 33. Rf2 Qxc3 34. Rh1 Rd2 35. Kg2 1-0

[Event "Staufer op 21st"]
[Site "Schwaebisch Gmuend"]
[Date "2009.01.02"]
[Round "1"]
[White "Simutowe, Amon"]
[Black "Abele, Edmund"]
[Result "1-0"]
[WhiteElo "2463"]
[BlackElo "1911"]
[PlyCount "85"]
[EventDate "2009.01.02"]
[EventType "swiss"]
[EventRounds "9"]
[EventCountry "GER"]
[SourceTitle "CBM 128 Extra"]
[Source "ChessBase"]
[SourceDate "2009.03.05"]
[SourceVersion "2"]
[SourceVersionDate "2009.03.25"]
[SourceQuality "1"]

1. c4 c5 2. Nf3 Nc6 3. d4 cxd4 4. Nxd4 Nf6 5. Nc3 g6 6. e4 Bg7 7. Be3 d6 8. Be2 0-0 9. 0-0 a6 10. h3 Bd7 11. Nc2 Rc8 12. Rb1 Ne5 13. Na3 Bc6 14. f4 Ned7 15. Bf3 Nc5 16. Qc2 b5 17. Bxc5 dxc5 18. cxb5 axb5 19. Naxb5 Qb6 20. a4 Rfd8 21. Rbd1 Bh6 22. e5 Rxd1 23. Qxd1 Bxf3 24. Qxf3 Nh5 25. Nd5 Qd8 26. Rd1 Qf8 27. g4 e6 28. Nf6+ Nxf6 29. exf6 c4 30. g5 Qc5+ 31. Qf2 Bf8 32. Qxc5 Bxc5+ 33. Kg2 Bf8 34. Rd4 Rc5 35. Rd8 e5 36. Nd6 exf4 37. Nc8 Rxg5+ 38. Kf2 h5 39. Ne7+ Kh7 40. Rxf8 Rg3 41. Rxf7+ Kh6 42. h4 g5 43. Rg7 1-0